[Event "FIDE WRBTC Blitz-Pool 2024"]
[Site "Astana"]
[Date "2024.08.05"]
[Round "5.13"]
[White "Yermekov, Kairat"]
[Black "Ten, Viktor"]
[Result "0-1"]
[WhiteElo "2076"]
[BlackElo "2236"]
[Annotator "ChessBase"]
[PlyCount "66"]
[EventDate "2024.08.01"]
[EventType "team-tourn"]
[EventCountry "KAZ"]
[SourceTitle "playchess.com"]
[Source "ChessBase"]
[SourceQuality "1"]

1. e4 e6 2. d4 d5 3. exd5 exd5 4. Nc3 Bb4 5. Nge2 Bg4 6. f3 Bf5 7. Bf4 Ne7 8. Qd2 Nbc6 9. g4 Bg6 10. h4 h5 11. g5 Qd7 12. a3 Bxc3 13. Nxc3 O-O 14. O-O-O a6 15. Re1 b5 16. Na2 Rfe8 17. Bh3 Bf5 18. Bg2 Ng6 19. Be3 Nd8 20. Nb4 c6 21. Nd3 Bxd3 22. Qxd3 Ne6 23. Bh3 Qd6 24. Qd2 Nef4 25. Bf5 a5 26. Ref1 a4 27. Bxg6 Nxg6 28. f4 Re4 29. f5 Nf8 30. Bf4 Qd7 31. Be5 Re8 32. Qd1 Rg4 33. Rhg1 Rxg1 0-1

[Event "FIDE WRBTC Blitz-Pool 2024"]
[Site "Astana"]
[Date "2024.08.05"]
[Round "5.13"]
[White "Primbetov, Nurassyl"]
[Black "Niemann, Hans Moke"]
[Result "0-1"]
[WhiteElo "1784"]
[BlackElo "2711"]
[Annotator "ChessBase"]
[PlyCount "134"]
[EventDate "2024.08.01"]
[EventType "team-tourn"]
[EventCountry "KAZ"]
[SourceTitle "playchess.com"]
[Source "ChessBase"]
[SourceQuality "1"]

1. e4 c5 2. Nf3 d6 3. Bb5+ Nd7 4. O-O a6 5. Bxd7+ Bxd7 6. Re1 Nf6 7. c3 e5 8. d4 Qc7 9. Nbd2 Be6 10. d5 Bd7 11. c4 b5 12. b3 Be7 13. Nf1 h6 14. Qe2 g6 15. Bb2 Kf8 16. Rad1 Kg7 17. Qd2 Bg4 18. Qe3 Rab8 19. Bc3 Nd7 20. h3 Bxf3 21. Qxf3 Rhf8 22. Ne3 Bg5 23. Kh1 Qd8 24. g3 Qf6 25. Qe2 Bxe3 26. Qxe3 Qe7 27. f4 f6 28. Rf1 bxc4 29. bxc4 Nb6 30. Qe2 Na4 31. Ba1 Rb4 32. h4 Qd7 33. fxe5 Qh3+ 34. Qh2 Qxh2+ 35. Kxh2 fxe5 36. Rxf8 Kxf8 37. Rc1 Kg7 38. Kh3 Nb6 39. a3 Rb3 40. Rc2 a5 41. Bb2 Nxc4 42. Rxc4 Rxb2 43. Kg4 h5+ 44. Kh3 Kf6 45. Ra4 Rb5 46. Rc4 Ke7 47. Rc3 Rb2 48. Rc4 Kd7 49. Ra4 Rb5 50. Rc4 Kc7 51. Rc3 Rb2 52. Rf3 Re2 53. Rf7+ Kb6 54. Rf6 Rxe4 55. Rxd6+ Kb5 56. Rxg6 c4 57. Rg8 Kc5 58. Rd8 Rd4 59. Ra8 c3 60. Rxa5+ Kd6 61. Ra8 Rc4 62. Rd8+ Ke7 63. Rh8 c2 64. d6+ Kxd6 65. Rh6+ Kd5 66. Rxh5 c1=Q 67. Rh8 Qh1# 0-1

[Event "FIDE WRBTC Blitz-Pool 2024"]
[Site "Astana"]
[Date "2024.08.05"]
[Round "5.14"]
[White "Tabatabaei, M. Amin"]
[Black "Tulegenov, Amir"]
[Result "1-0"]
[WhiteElo "2712"]
[BlackElo "1858"]
[Annotator "ChessBase"]
[PlyCount "81"]
[EventDate "2024.08.01"]
[EventType "team-tourn"]
[EventCountry "KAZ"]
[SourceTitle "playchess.com"]
[Source "ChessBase"]
[SourceQuality "1"]

1. d4 Nf6 2. Nf3 g6 3. Nbd2 d5 4. b3 Bg7 5. Bb2 O-O 6. e3 Nbd7 7. c4 e6 8. Rc1 b6 9. cxd5 exd5 10. Be2 Bb7 11. O-O Re8 12. b4 Ne4 13. Qb3 Rc8 14. Rfd1 Ndf6 15. Ne5 Nxd2 16. Rxd2 Ne4 17. Rdd1 Qf6 18. Bf3 c6 19. Rc2 Ng5 20. Bg4 Rc7 21. Rdc1 h5 22. Bd7 Rd8 23. Bxc6 Bxc6 24. Rxc6 Rxc6 25. Rxc6 Qf5 26. Qc2 Ne4 27. f3 Bxe5 28. dxe5 Ng5 29. Qxf5 gxf5 30. Bd4 Ne6 31. f4 Kf8 32. b5 Ke7 33. Kf2 Rd7 34. Rc8 Nc7 35. a4 Ne6 36. Kg3 a6 37. Bxb6 axb5 38. a5 b4 39. a6 b3 40. a7 Rxa7 41. Bxa7 1-0

[Event "FIDE WRBTC Blitz-Pool 2024"]
[Site "Astana"]
[Date "2024.08.05"]
[Round "5.14"]
[White "Shubin, Kirill"]
[Black "Aitbayev, Aslan"]
[Result "1/2-1/2"]
[WhiteElo "2459"]
[BlackElo "2380"]
[Annotator "ChessBase"]
[PlyCount "106"]
[EventDate "2024.08.01"]
[EventType "team-tourn"]
[EventCountry "KAZ"]
[SourceTitle "playchess.com"]
[Source "ChessBase"]
[SourceQuality "1"]

1. e4 d6 2. d4 g6 3. Nc3 Bg7 4. Be3 a6 5. h4 h6 6. Qd2 b5 7. f3 Nd7 8. O-O-O Bb7 9. Nh3 c5 10. dxc5 Nxc5 11. Bd4 Nf6 12. e5 Nfd7 13. exd6 e5 14. Be3 Qa5 15. Kb1 Rc8 16. Nf2 Ne6 17. Nd5 Qxd2 18. Rxd2 Bxd5 19. Rxd5 O-O 20. Rd1 f5 21. c3 Rc6 22. h5 gxh5 23. Rxh5 Nf4 24. Bxf4 exf4 25. Bd3 Nf6 26. Rxf5 Rd8 27. Bc2 Rcxd6 28. Rxd6 Rxd6 29. Nd3 Nd7 30. Rxf4 Ne5 31. Nxe5 Bxe5 32. Re4 Bf6 33. Re2 Kg7 34. a4 h5 35. axb5 axb5 36. g3 Rd5 37. Rh2 Rg5 38. Rh3 Re5 39. f4 Re1+ 40. Ka2 b4 41. cxb4 Re2 42. Kb3 Re3+ 43. Kc4 h4 44. Rxh4 Bxh4 45. gxh4 Rf3 46. f5 Rf4+ 47. Kc5 Rf2 48. Bd3 Rxb2 49. b5 Kf6 50. b6 Rb3 51. Be4 Ke5 52. Bc6 Rxb6 53. Kxb6 Kxf5 1/2-1/2

[Event "FIDE WRBTC Blitz-Pool 2024"]
[Site "Astana"]
[Date "2024.08.05"]
[Round "5.14"]
[White "Skak, Abuali"]
[Black "Sadybekov, Adilzhan"]
[Result "1-0"]
[WhiteElo "1969"]
[BlackElo "1674"]
[Annotator "ChessBase"]
[PlyCount "51"]
[EventDate "2024.08.01"]
[EventType "team-tourn"]
[EventCountry "KAZ"]
[SourceTitle "playchess.com"]
[Source "ChessBase"]
[SourceQuality "1"]

1. e4 e6 2. d4 d5 3. Nc3 Nf6 4. Bg5 dxe4 5. Nxe4 Be7 6. Nxf6+ Bxf6 7. Bxf6 Qxf6 8. Nf3 O-O 9. Qd3 b6 10. Qe4 c6 11. Bd3 g6 12. h4 h5 13. O-O-O Ba6 14. g4 Bxd3 15. Rxd3 hxg4 16. Qxg4 Qf5 17. Qg2 Qh5 18. Ne5 Na6 19. Rg3 Nb4 20. a3 Nd5 21. Rg5 Qh6 22. Kb1 Nf4 23. Qf3 Nh5 24. Ng4 Qg7 25. Rxh5 gxh5 26. Nf6+ 1-0

[Event "FIDE WRBTC Blitz-Pool 2024"]
[Site "Astana"]
[Date "2024.08.05"]
[Round "5.15"]
[White "Akhmetov, Ayan"]
[Black "Faizrakhmanov, Ramil"]
[Result "0-1"]
[WhiteElo "2380"]
[BlackElo "2424"]
[Annotator "ChessBase"]
[PlyCount "39"]
[EventDate "2024.08.01"]
[EventType "team-tourn"]
[EventCountry "KAZ"]
[SourceTitle "playchess.com"]
[Source "ChessBase"]
[SourceQuality "1"]

1. d4 Nf6 2. Nf3 d5 3. Bf4 c5 4. e3 Nc6 5. Nbd2 Nh5 6. Bg3 Nxg3 7. hxg3 cxd4 8. exd4 g6 9. c3 Bg7 10. Bd3 Bg4 11. O-O O-O 12. a4 Rc8 13. Re1 e5 14. dxe5 Nxe5 15. Be2 Nxf3+ 16. Nxf3 d4 17. Nxd4 Bxe2 18. Rxe2 Qb6 19. Nf3 Rfd8 20. Qc1 0-1

[Event "FIDE WRBTC Blitz-Pool 2024"]
[Site "Astana"]
[Date "2024.08.05"]
[Round "5.15"]
[White "Shevchenko, Alexandr"]
[Black "Akhmedya, Madyar"]
[Result "1/2-1/2"]
[WhiteElo "1814"]
[BlackElo "1786"]
[Annotator "NA"]
[PlyCount "171"]
[EventDate "2024.08.01"]
[EventType "team-tourn"]
[EventCountry "KAZ"]
[SourceTitle "playchess.com"]
[Source "ChessBase"]
[SourceQuality "1"]

1. e4 c5 2. Nf3 Nc6 3. d4 cxd4 4. Nxd4 Nf6 5. Nc3 e5 6. Ndb5 d6 7. a4 a6 8. Na3 Be7 9. Bg5 O-O 10. Nc4 Be6 11. Bxf6 gxf6 12. Ne3 Nd4 13. Ncd5 f5 14. c3 f4 15. cxd4 fxe3 16. Nxe3 exd4 17. Qxd4 Bf6 18. Qd2 Qb6 19. Be2 Qxb2 20. Qxb2 Bxb2 21. Rb1 Bc3+ 22. Kf1 Rab8 23. Nd5 Bxd5 24. exd5 Rfc8 25. g3 Bd4 26. Kg2 Rc2 27. Rhe1 Re8 28. Bd3 Rxf2+ 29. Kh1 Rxe1+ 30. Rxe1 Be5 31. Rb1 Rb2 32. Rxb2 Bxb2 33. Kg2 Kg7 34. Kf3 h6 35. Bf5 Kf6 36. Bc8 b5 37. axb5 axb5 38. Ke3 b4 39. Kd3 Bc3 40. Kc4 Ke5 41. g4 f6 42. h4 Kf4 43. h5 Ke5 44. Be6 Kf4 45. Kb3 Ke3 46. Bf5 Kd2 47. Be6 Kd3 48. Bf5+ Kd4 49. Be6 Kc5 50. Bf7 Be5 51. Be6 Bf4 52. Bf7 Bg5 53. Be6 Bd2 54. Bf7 Bc3 55. Be6 Kd4 56. Bf7 Ke5 57. Be6 Kf4 58. Bd7 Kg5 59. Be6 Kf4 60. Bd7 Ke4 61. Be6 Kd4 62. Bf7 Ke5 63. Be6 Kd4 64. Bf7 Kc5 65. Be6 Kd4 66. Bf5 Ke3 67. Be6 Kf4 68. Bd7 Ke5 69. Be6 Kd4 70. Bf7 Kc5 71. Be6 Kb6 72. Bf7 Kc7 73. Be6 Kd8 74. Bf7 Ke7 75. Be6 Be1 76. Bf5 Kd8 77. Be6 Kc7 78. Bf5 Kb6 79. Be6 Kc5 80. Bf7 Kd4 81. Be6 Ke5 82. Bf7 f5 83. gxf5 Kxf5 84. Be6+ Kg5 85. Bf7 Kf6 86. Be6 1/2-1/2

[Event "FIDE WRBTC Blitz-Pool 2024"]
[Site "Astana"]
[Date "2024.08.05"]
[Round "5.15"]
[White "Omarbek, Adlet"]
[Black "Jacobson, Brandon"]
[Result "0-1"]
[WhiteElo "1713"]
[BlackElo "2575"]
[Annotator "ChessBase"]
[PlyCount "82"]
[EventDate "2024.08.01"]
[EventType "team-tourn"]
[EventCountry "KAZ"]
[SourceTitle "playchess.com"]
[Source "ChessBase"]
[SourceQuality "1"]

1. e4 e5 2. Nf3 Nc6 3. Nc3 Nf6 4. Bb5 Bc5 5. Nxe5 Nxe5 6. d4 Bd6 7. dxe5 Bxe5 8. O-O O-O 9. Bd3 Re8 10. Ne2 d5 11. exd5 Qxd5 12. Bg5 Bxh2+ 13. Kxh2 Qxg5 14. Nd4 Bg4 15. f3 Rad8 16. Ne2 Bf5 17. Nc3 Nh5 18. Re1 Qg3+ 19. Kg1 Nf4 20. Rxe8+ Rxe8 21. Qf1 Bxd3 22. cxd3 f5 23. d4 Re6 24. Rd1 Nh3+ 25. Kh1 Nf2+ 26. Kg1 Nxd1 27. Qc4 Qe1+ 28. Kh2 Nxc3 29. bxc3 Kh8 30. Qxe6 Qxe6 31. Kg1 Qe3+ 32. Kf1 Qxc3 33. d5 Qd2 34. Kg1 h5 35. d6 cxd6 36. Kh2 g5 37. Kg1 h4 38. Kf1 g4 39. fxg4 fxg4 40. Kg1 g3 41. Kf1 Qf2# 0-1

[Event "FIDE WRBTC Blitz-Pool 2024"]
[Site "Astana"]
[Date "2024.08.05"]
[Round "5.16"]
[White "Dardha, Daniel"]
[Black "Shakhman, Asanali"]
[Result "1-0"]
[WhiteElo "2608"]
[BlackElo "1537"]
[Annotator "ChessBase"]
[PlyCount "35"]
[EventDate "2024.08.01"]
[EventType "team-tourn"]
[EventCountry "KAZ"]
[SourceTitle "playchess.com"]
[Source "ChessBase"]
[SourceQuality "1"]

1. c4 e5 2. g3 g6 3. d4 Bg7 4. dxe5 Bxe5 5. Nf3 Bg7 6. Bg2 Ne7 7. O-O O-O 8. Nc3 d6 9. Qd2 Be6 10. b3 Nbc6 11. Bb2 Qd7 12. Ne4 Nf5 13. Nf6+ Bxf6 14. Bxf6 Rfe8 15. e4 Nce7 16. exf5 gxf5 17. Qh6 Ng6 18. Qg7# 1-0

[Event "FIDE WRBTC Blitz-Pool 2024"]
[Site "Astana"]
[Date "2024.08.05"]
[Round "5.16"]
[White "Orlov, Oleg"]
[Black "Nugumanov, Bakhtiyar"]
[Result "1/2-1/2"]
[WhiteElo "2254"]
[BlackElo "2288"]
[Annotator "ChessBase"]
[PlyCount "126"]
[EventDate "2024.08.01"]
[EventType "team-tourn"]
[EventCountry "KAZ"]
[SourceTitle "playchess.com"]
[Source "ChessBase"]
[SourceQuality "1"]

1. e4 c6 2. d4 d5 3. exd5 cxd5 4. Bd3 Nc6 5. c3 Nf6 6. h3 g6 7. Nf3 Bf5 8. Be2 Qc7 9. Na3 a6 10. Nc2 Bg7 11. Ne3 Bd7 12. Qb3 e6 13. O-O O-O 14. Re1 b5 15. Qd1 Ne4 16. Nf1 b4 17. c4 dxc4 18. Bxc4 Nd6 19. Bf4 e5 20. Bh2 Nxc4 21. Rc1 Be6 22. d5 Rad8 23. Rxc4 Bxd5 24. Rc5 Qd6 25. Rc1 Qb8 26. Ne3 Be4 27. Nd2 Qb7 28. Nec4 Bd3 29. Qf3 Qb5 30. a4 bxa3 31. Nxa3 Qxb2 32. Ndc4 Qb7 33. Re3 e4 34. Qg3 Nd4 35. Rce1 Bxc4 36. Nxc4 Nc2 37. Rxe4 Nxe1 38. Rxe1 Qd5 39. Ne3 Qe4 40. Qc7 Rc8 41. Qd6 Qc6 42. Qd3 Rfd8 43. Qe2 Re8 44. Rd1 a5 45. h4 h5 46. Bf4 a4 47. Rd3 Ra8 48. Bd6 Red8 49. Qd1 Bf8 50. Be5 Rxd3 51. Qxd3 Qe6 52. Ba1 Bg7 53. Bxg7 Kxg7 54. Qd4+ Qf6 55. Qe4 a3 56. Qxa8 Qa1+ 57. Kh2 a2 58. Nc2 Qb2 59. Qa4 Qxc2 60. Qxc2 a1=Q 61. Qe2 Qd4 62. g3 Qf6 63. Kg2 Qf5 1/2-1/2

[Event "FIDE WRBTC Blitz-Pool 2024"]
[Site "Astana"]
[Date "2024.08.05"]
[Round "5.16"]
[White "Akhmediyar, Yernur"]
[Black "Tulekenova, Aiza"]
[Result "0-1"]
[WhiteElo "1853"]
[BlackElo "1581"]
[Annotator "NA"]
[PlyCount "44"]
[EventDate "2024.08.01"]
[EventType "team-tourn"]
[EventCountry "KAZ"]
[SourceTitle "playchess.com"]
[Source "ChessBase"]
[SourceQuality "1"]

1. c4 Nf6 2. Nc3 e6 3. e4 d6 4. d4 c6 5. Nf3 Nbd7 6. Bd3 e5 7. d5 Be7 8. h3 O-O 9. Be3 Re8 10. O-O Nf8 11. Qb3 Ng6 12. Rac1 Nh5 13. Ne2 h6 14. Rfd1 Bg5 15. c5 cxd5 16. exd5 Bxe3 17. Bxg6 Bxc1 18. Bxh5 Bg5 19. c6 bxc6 20. dxc6 Be6 21. Qb4 Be7 22. Qc3 Qc7 0-1

[Event "FIDE WRBTC Blitz-Pool 2024"]
[Site "Astana"]
[Date "2024.08.05"]
[Round "5.19"]
[White "Orozbaev, Eldiyar"]
[Black "Nihal Sarin"]
[Result "0-1"]
[WhiteElo "2376"]
[BlackElo "2668"]
[Annotator "ChessBase"]
[PlyCount "77"]
[EventDate "2024.08.01"]
[EventType "team-tourn"]
[EventCountry "KAZ"]
[SourceTitle "playchess.com"]
[Source "ChessBase"]
[SourceQuality "1"]

1. e4 c5 2. c3 d5 3. exd5 Qxd5 4. d4 Nc6 5. Nf3 Bf5 6. Be3 cxd4 7. Nxd4 Nf6 8. Nxf5 Qxf5 9. Na3 Ng4 10. Nb5 Rc8 11. Nd4 Nxe3 12. Nxf5 Nxd1 13. Rxd1 e6 14. Nd4 Nxd4 15. Rxd4 a6 16. g3 Bc5 17. Rd3 Ke7 18. Bg2 Rhd8 19. Rxd8 Rxd8 20. Ke2 a5 21. b3 b6 22. f4 h6 23. h3 g5 24. fxg5 hxg5 25. h4 g4 26. h5 Bd6 27. a4 Bxg3 28. b4 Bf4 29. Rd1 Rxd1 30. Kxd1 f5 31. Ke2 e5 32. Bb7 e4 33. Bc8 Kf6 34. bxa5 bxa5 35. c4 g3 36. c5 Be5 37. h6 f4 38. h7 Kg7 39. Bh3 0-1

[Event "FIDE WRBTC Blitz-Pool 2024"]
[Site "Astana"]
[Date "2024.08.05"]
[Round "5.19"]
[White "Shonazarov, Orash"]
[Black "Tologon tegin, Semetei"]
[Result "0-1"]
[WhiteElo "2277"]
[BlackElo "2337"]
[Annotator "ChessBase"]
[PlyCount "84"]
[EventDate "2024.08.01"]
[EventType "team-tourn"]
[EventCountry "KAZ"]
[SourceTitle "playchess.com"]
[Source "ChessBase"]
[SourceQuality "1"]

1. e4 e5 2. Nf3 Nc6 3. Bb5 a6 4. Ba4 Nf6 5. Nc3 b5 6. Bb3 Bc5 7. Nxe5 Nxe5 8. d4 Bd6 9. dxe5 Bxe5 10. O-O Bb7 11. Nd5 O-O 12. f4 Bd6 13. e5 Bc5+ 14. Kh1 Nxd5 15. Bxd5 Bxd5 16. Qxd5 d6 17. a4 Rb8 18. axb5 axb5 19. Bd2 Qe7 20. b4 Rfd8 21. bxc5 dxc5 22. Qc6 Rxd2 23. Ra8 Rxa8 24. Qxa8+ Rd8 25. Qc6 b4 26. h3 g6 27. Ra1 Kg7 28. Kh2 Qh4 29. Rf1 Qe7 30. Re1 Rd4 31. Rf1 Rd2 32. f5 Qxe5+ 33. Kh1 Qd6 34. f6+ Kh6 35. Qf3 g5 36. h4 Qf4 37. hxg5+ Qxg5 38. Re1 Qh4+ 39. Qh3 Qxh3+ 40. gxh3 Rxc2 41. Re7 Kg6 42. Re5 b3 0-1

[Event "FIDE WRBTC Blitz-Pool 2024"]
[Site "Astana"]
[Date "2024.08.05"]
[Round "5.20"]
[White "Eljanov, Pavel"]
[Black "Zhakshylykov, Erzhan"]
[Result "1-0"]
[WhiteElo "2672"]
[BlackElo "2327"]
[Annotator "ChessBase"]
[PlyCount "73"]
[EventDate "2024.08.01"]
[EventType "team-tourn"]
[EventCountry "KAZ"]
[SourceTitle "playchess.com"]
[Source "ChessBase"]
[SourceQuality "1"]

1. d4 Nf6 2. c4 e6 3. Nc3 d5 4. cxd5 exd5 5. Bg5 Be7 6. e3 c6 7. Bd3 O-O 8. h3 Nbd7 9. Qc2 Re8 10. Bf4 Nf8 11. Nf3 Ng6 12. Bh2 Bd6 13. Bxd6 Qxd6 14. O-O Qe7 15. Rab1 a5 16. a3 Ne4 17. b4 axb4 18. axb4 Bf5 19. b5 Qf6 20. bxc6 bxc6 21. Bxe4 dxe4 22. Nd2 Nh4 23. Ne2 Qg5 24. Ng3 Re6 25. Ra1 Rae8 26. Ra5 Qg6 27. Qc5 Rf6 28. Rfa1 h6 29. Ra8 Rfe6 30. Rxe8+ Rxe8 31. Ra6 Bxh3 32. gxh3 Qe6 33. Kh2 Qf6 34. Kg1 Qe6 35. Qe5 Qd7 36. Ra7 Qc8 37. Rc7 1-0

[Event "FIDE WRBTC Blitz-Pool 2024"]
[Site "Astana"]
[Date "2024.08.05"]
[Round "5.20"]
[White "Sadhwani, Raunak"]
[Black "Hassan, Sayed Barakat"]
[Result "1-0"]
[WhiteElo "2653"]
[BlackElo "2279"]
[Annotator "ChessBase"]
[PlyCount "58"]
[EventDate "2024.08.01"]
[EventType "team-tourn"]
[EventCountry "KAZ"]
[SourceTitle "playchess.com"]
[Source "ChessBase"]
[SourceQuality "1"]

1. e4 d5 2. exd5 Nf6 3. Bb5+ Bd7 4. Be2 Nxd5 5. d4 Bf5 6. Nf3 e6 7. O-O Be7 8. a3 O-O 9. c4 Nb6 10. Be3 Nc6 11. Nc3 Bf6 12. h3 h6 13. b4 Qe7 14. Qb3 a5 15. c5 Nd5 16. Nxd5 exd5 17. b5 a4 18. Qxd5 Be4 19. Qc4 Na5 20. Qxa4 Bd5 21. Qb4 Rfd8 22. Rfe1 Qd7 23. Rad1 b6 24. Bf4 Rac8 25. Ne5 Qf5 26. Bg3 h5 27. c6 Qg5 28. h4 Qh6 29. Nd7 Be6 1-0

[Event "FIDE WRBTC Blitz-Pool 2024"]
[Site "Astana"]
[Date "2024.08.05"]
[Round "5.20"]
[White "Markov, Mikhail"]
[Black "Karmenov, Berik"]
[Result "1-0"]
[WhiteElo "2255"]
[BlackElo "2046"]
[Annotator "ChessBase"]
[PlyCount "104"]
[EventDate "2024.08.01"]
[EventType "team-tourn"]
[EventCountry "KAZ"]
[SourceTitle "playchess.com"]
[Source "ChessBase"]
[SourceQuality "1"]

1. c4 Nf6 2. Nf3 e6 3. g3 d5 4. Bg2 Be7 5. O-O O-O 6. d4 dxc4 7. Nbd2 c3 8. bxc3 c5 9. Nc4 Nc6 10. Rb1 cxd4 11. Nxd4 Nxd4 12. cxd4 Nd5 13. Qb3 Bf6 14. Rd1 Bd7 15. e4 Nb6 16. Nxb6 axb6 17. Qxb6 Qxb6 18. Rxb6 Rxa2 19. Rxb7 Ba4 20. Ra7 Bxd1 21. Rxa2 Rc8 22. Be3 h6 23. h4 Bb3 24. Rb2 Ba4 25. Rd2 g5 26. hxg5 hxg5 27. Bf3 Kg7 28. d5 exd5 29. Rxd5 Bc6 30. Rc5 Bd7 31. e5 Be7 32. Ra5 Be6 33. Kg2 g4 34. Be4 Rc4 35. Ba8 Bd8 36. Rb5 Ra4 37. Bb7 Bc7 38. Bf4 Ra5 39. Rxa5 Bxa5 40. Be4 Bc7 41. Bd3 Bd5+ 42. Kf1 Bf3 43. Ke1 Ba5+ 44. Bd2 Bb6 45. Bc3 Kf8 46. Bc4 Ke7 47. Bb4+ Ke8 48. Bb5+ Kd8 49. Bd2 Bd4 50. Bf4 Ke7 51. Bc4 Bc3+ 52. Kf1 Bd4 1-0

[Event "FIDE WRBTC Blitz-Pool 2024"]
[Site "Astana"]
[Date "2024.08.05"]
[Round "5.21"]
[White "Wafa, Hamed"]
[Black "Narayanan S L"]
[Result "0-1"]
[WhiteElo "2345"]
[BlackElo "2649"]
[Annotator "ChessBase"]
[PlyCount "96"]
[EventDate "2024.08.01"]
[EventType "team-tourn"]
[EventCountry "KAZ"]
[SourceTitle "playchess.com"]
[Source "ChessBase"]
[SourceQuality "1"]

1. e4 c5 2. Nf3 e6 3. d4 cxd4 4. Nxd4 a6 5. Bd3 Bc5 6. Nb3 Ba7 7. Nc3 Nc6 8. Qe2 b5 9. Be3 Nge7 10. O-O-O O-O 11. f4 b4 12. Nb1 a5 13. Bxa7 Rxa7 14. Bb5 a4 15. Nd4 Qb6 16. Nxc6 Nxc6 17. Rd6 b3 18. a3 bxc2 19. Nc3 Qc5 20. Rd2 Nd4 21. Qf2 Nb3+ 22. Kxc2 Qc7 23. Rd3 Nc5 24. Rd4 d5 25. exd5 exd5 26. Kb1 Bf5+ 27. Ka2 Qb6 28. g4 Bxg4 29. f5 Nb3 30. Rf4 Qxf2 31. Rxf2 Nd4 32. Bxa4 Bxf5 33. Rf4 Be4 34. Nxe4 dxe4 35. Bd1 f5 36. b4 g5 37. Rg1 h6 38. h4 Rg7 39. hxg5 hxg5 40. Rf2 f4 41. Rd2 Rd8 42. Bb3+ Kf8 43. Rgd1 Rgd7 44. Ba4 Rd6 45. Rh1 e3 46. Rd3 e2 47. Kb2 f3 48. Rd2 f2 0-1

[Event "FIDE WRBTC Blitz-Pool 2024"]
[Site "Astana"]
[Date "2024.08.05"]
[Round "5.21"]
[White "Sharshenbekov, Emir"]
[Black "Volokitin, Andrei"]
[Result "1/2-1/2"]
[WhiteElo "2078"]
[BlackElo "2667"]
[Annotator "ChessBase"]
[PlyCount "270"]
[EventDate "2024.08.01"]
[EventType "team-tourn"]
[EventCountry "KAZ"]
[SourceTitle "playchess.com"]
[Source "ChessBase"]
[SourceQuality "1"]

1. e4 c5 2. Nc3 d6 3. g3 Nc6 4. Bg2 g6 5. d3 Bg7 6. Be3 Nf6 7. h3 O-O 8. f4 Rb8 9. Nge2 Nd7 10. a4 Nd4 11. O-O a6 12. Qd2 b5 13. axb5 axb5 14. Nd1 Bb7 15. Nc1 b4 16. c3 bxc3 17. bxc3 Nc6 18. Ne2 Ra8 19. Nf2 Rxa1 20. Rxa1 Qb6 21. d4 Ra8 22. Rxa8+ Bxa8 23. e5 cxd4 24. cxd4 Qa6 25. Nc3 Nb4 26. Nfe4 Nd5 27. Bf2 Nxc3 28. Qxc3 Bd5 29. Nc5 dxc5 30. Bxd5 cxd4 31. Qxd4 e6 32. Be4 Qb5 33. Qd6 Bf8 34. Qc7 Bc5 35. Bc6 Bxf2+ 36. Kxf2 Qc5+ 37. Ke2 Qc2+ 38. Ke3 Qc3+ 39. Ke2 Qc2+ 40. Ke3 Qc3+ 41. Ke2 Nf8 42. Kf2 h5 43. h4 Kg7 44. Qd6 Qc2+ 45. Kf3 Nh7 46. Be4 Qc3+ 47. Kf2 Qb2+ 48. Kf3 Qc1 49. Qd3 Qh1+ 50. Kf2 Qc1 51. Qe3 Qb2+ 52. Qe2 Qc3 53. Qe3 Qb4 54. Qe1 Qb5 55. Qe2 Qb4 56. Qe1 Qa4 57. Qe2 Nf8 58. Qe3 Nd7 59. Bf3 Qb4 60. Be2 Nc5 61. Bf3 Qb2+ 62. Qe2 Qd4+ 63. Qe3 Qc4 64. Be2 Qd5 65. Bf3 Qc4 66. Be2 Qc2 67. Qd4 Nb3 68. Qd1 Qc5+ 69. Kg2 Nd4 70. Bf3 Nf5 71. Qe2 Qc3 72. Qf2 Ne3+ 73. Kh3 Qd3 74. Qe2 Qd4 75. Qf2 Qc3 76. Qe2 Nf5 77. Qf2 Qb3 78. Kg2 Ne3+ 79. Kh3 Qd3 80. Qe2 Qc3 81. Qf2 Nf5 82. Kg2 Qd3 83. Qe2 Qd4 84. Qf2 Ne3+ 85. Kh3 Qc3 86. Qe2 Qc1 87. Qf2 Nf5 88. Kg2 Qc3 89. Qe2 Nd4 90. Qf2 Qd3 91. Ba8 Nf5 92. Bf3 Ne3+ 93. Kh3 Nf5 94. Kg2 Qc3 95. Be4 Ne3+ 96. Kh3 Ng4 97. Qe2 Qd4 98. Bf3 Ne3 99. Qf2 Qd3 100. Qe2 Qd4 101. Qf2 Qc3 102. Qe2 Nf5 103. Qf2 Qc1 104. Kg2 Ne3+ 105. Kh3 Qc3 106. Qe2 Nf5 107. Qf2 Qd3 108. Kg2 Nd4 109. Ba8 Qc3 110. Bf3 Nf5 111. Be4 Ne3+ 112. Kh3 Qc1 113. Bf3 Qc5 114. Qe2 Qd4 115. Qf2 Qc3 116. Qe2 Qa3 117. Qf2 Qc1 118. Qe2 Qg1 119. Qh2 Qf1+ 120. Bg2 Qe2 121. Qg1 Ng4 122. Qf1 Qe3 123. Bf3 Nf2+ 124. Kg2 Nd3 125. Be2 Qd2 126. Kh3 Nc5 127. Bf3 Qe3 128. Kg2 Nb3 129. Qf2 Qd3 130. Qe2 Qc3 131. Qf2 Nd4 132. Be4 Qc4 133. Bf3 Qd3 134. Ba8 Nf5 135. Bf3 Ne3+ 1/2-1/2

[Event "FIDE WRBTC Blitz-Pool 2024"]
[Site "Astana"]
[Date "2024.08.05"]
[Round "5.21"]
[White "Sartbayev, Askar"]
[Black "Zheenbekov, Nurgazy"]
[Result "0-1"]
[WhiteElo "1702"]
[BlackElo "2124"]
[Annotator "ChessBase"]
[PlyCount "83"]
[EventDate "2024.08.01"]
[EventType "team-tourn"]
[EventCountry "KAZ"]
[SourceTitle "playchess.com"]
[Source "ChessBase"]
[SourceQuality "1"]

1. e4 c6 2. d4 d5 3. e5 Bf5 4. Nc3 e6 5. g4 Bg6 6. Nge2 h6 7. h4 Ne7 8. Nf4 Bh7 9. Be3 a6 10. a4 c5 11. Bd3 Bxd3 12. Qxd3 Nec6 13. O-O-O c4 14. Qe2 Nb4 15. g5 hxg5 16. hxg5 Rxh1 17. Rxh1 g6 18. Qg4 Qe7 19. Rh8 N8c6 20. Nfe2 O-O-O 21. f4 Bg7 22. Rh7 Rg8 23. Kb1 Qf8 24. Rh1 Rh8 25. Rxh8 Qxh8 26. Qg2 Qh4 27. Bf2 Qh5 28. Be3 Ne7 29. Ng3 Qg4 30. Qf2 Qh4 31. Qg2 Qg4 32. Qf2 Nbc6 33. Nce2 Qh4 34. Qg2 Bf8 35. c3 Na5 36. Kc2 Nb3 37. Nc1 Nxc1 38. Kxc1 Qg4 39. Kd2 Nf5 40. Bf2 Qxf4+ 41. Kc2 Qxg5 42. Qh3 0-1

[Event "FIDE WRBTC Blitz-Pool 2024"]
[Site "Astana"]
[Date "2024.08.05"]
[Round "5.22"]
[White "Pranav, V."]
[Black "Wageih, Kareim"]
[Result "1-0"]
[WhiteElo "2598"]
[BlackElo "2402"]
[Annotator "ChessBase"]
[PlyCount "89"]
[EventDate "2024.08.01"]
[EventType "team-tourn"]
[EventCountry "KAZ"]
[SourceTitle "playchess.com"]
[Source "ChessBase"]
[SourceQuality "1"]

1. e4 c5 2. Nf3 e6 3. b3 Nc6 4. Bb2 Qc7 5. Nc3 a6 6. g3 Nf6 7. Bg2 Be7 8. O-O O-O 9. Re1 d6 10. d4 cxd4 11. Nxd4 Bd7 12. Nxc6 Bxc6 13. Qe2 Rac8 14. Rad1 Rfd8 15. h3 b5 16. a3 Qb7 17. b4 Nd7 18. Nb1 Nb6 19. Nd2 d5 20. exd5 Bxd5 21. Ne4 Nc4 22. Bc1 Nd6 23. Nc5 Rxc5 24. bxc5 Bxg2 25. cxd6 Rxd6 26. Rxd6 Bxd6 27. Kh2 Bd5 28. Bb2 Qc7 29. Qd3 h5 30. h4 Qe7 31. Qd4 f6 32. Qd1 Qf7 33. Qd3 Qe7 34. a4 bxa4 35. Qxa6 a3 36. Bd4 a2 37. c4 Bb7 38. Qxa2 Qc7 39. c5 Qc6 40. Rg1 Be7 41. Be3 Kf8 42. Qb1 Bxc5 43. Bxc5+ Qxc5 44. Qxb7 Qxf2+ 45. Rg2 1-0

[Event "FIDE WRBTC Blitz-Pool 2024"]
[Site "Astana"]
[Date "2024.08.05"]
[Round "5.22"]
[White "Moiseenko, Alexander"]
[Black "Iunusov, Nuriddin"]
[Result "1-0"]
[WhiteElo "2562"]
[BlackElo "1925"]
[Annotator "ChessBase"]
[PlyCount "51"]
[EventDate "2024.08.01"]
[EventType "team-tourn"]
[EventCountry "KAZ"]
[SourceTitle "playchess.com"]
[Source "ChessBase"]
[SourceQuality "1"]

1. d4 Nf6 2. Bg5 d6 3. Bxf6 exf6 4. c4 f5 5. Nc3 g6 6. g3 Bg7 7. Bg2 O-O 8. e3 c6 9. Nge2 Nd7 10. O-O Nf6 11. b4 Re8 12. Qd3 Qe7 13. b5 Bd7 14. a4 Ne4 15. a5 a6 16. Rfb1 axb5 17. cxb5 cxb5 18. Nd5 Qd8 19. Nb6 Rxa5 20. Rxa5 Qxb6 21. Rba1 d5 22. Ra8 Rxa8 23. Rxa8+ Bf8 24. Qb3 Bc6 25. Bxe4 dxe4 26. Qb4 1-0